| 000 | 00604nam a22002057a 4500 | ||
|---|---|---|---|
| 005 | 20170124110013.0 | ||
| 010 | _aA-456671 | ||
| 020 | _c00.00 | ||
| 035 | _aA-456671 | ||
| 037 | _bCen Lib/ Ret | ||
| 040 |
_aDPL _bEN |
||
| 082 |
_a338 _bIND |
||
| 245 |
_aIndusrial policy : _cedited by A.M. Khusro...[et al.] _bpanel discussion / |
||
| 260 |
_aNew Delhi _bVikas Publishing House _c1990 |
||
| 270 |
_bNew Delhi _a576, Masjid road jangpura _e110014 |
||
| 300 |
_a106p. _c21cm(Hb) |
||
| 650 |
_aEconomics _9101930 |
||
| 650 |
_aIndustrial policy _96646 |
||
| 942 |
_2ddc _cEN _h338 _mIND |
||
| 999 |
_c126655 _d126655 |
||